| 000 | 00617nam a2200193Ia 4500 | ||
|---|---|---|---|
| 003 | GCL | ||
| 008 | 140319s9999 xx 000 0 ara d | ||
| 040 |
_aGCL / _cGCL |
||
| 082 | 0 | 4 |
_aم _b780.03 _bا ق |
| 100 | 1 | _aاحمد بيومى | |
| 245 | 1 | 0 |
_aالقاموس الموسيقى مصطلحات انجليزى فرنسى- ايطالى- المانى-يونانى-عربى-الخ / _cاحمد بيومى |
| 260 |
_a[S.N] : _bوزارة الثقافة ، _c1992 |
||
| 300 | _a503 ص | ||
| 490 | _a | ||
| 650 | 0 | 4 | _aالمعاجم |
| 650 | 0 | 4 | _aالموسيقى |
| 650 | 0 | 4 | _aالمصطلحات |
| 942 |
_2ddc _cBK |
||
| 999 |
_c36092 _d36092 |
||